Machinists library (Record no. 82277)
[ view plain ]
| 000 -LEADER | |
|---|---|
| fixed length control field | 00670nam a2200169 a 4500 |
| 008 - FIXED-LENGTH DATA ELEMENTS--GENERAL INFORMATION | |
| fixed length control field | 120416s1970 ||||||||||||||||| || u |
| 050 ## - LIBRARY OF CONGRESS CALL NUMBER | |
| Classification number | TJ 1160 Bla |
| 100 ## - MAIN ENTRY--PERSONAL NAME | |
| Personal name | Black, Perry O |
| 245 10 - TITLE STATEMENT | |
| Title | Machinists library |
| 246 ## - | |
| -- | basic machine shop |
| 250 ## - EDITION STATEMENT | |
| Edition statement | 2nd ed. |
| 260 ## - PUBLICATION, DISTRIBUTION, ETC. | |
| Place of publication, distribution, etc. | Indianapolis |
| Name of publisher, distributor, etc. | Theodore Audel |
| Date of publication, distribution, etc. | 1970 |
| 300 ## - PHYSICAL DESCRIPTION | |
| Extent | 374p. : ill. |
| 350 ## - | |
| -- | 0.00 |
| 995 ## - | |
| -- | BINDERY (DAMAGED) |
| -- | 0.00 |
| -- | 717413 |
| -- | CBU-MAIN LIBRARY (Kitwe) |
| -- | 2 |
| -- | 4.75 |
| -- | TJ 1160 Bla |
| -- | DAMAGED |
| -- | 015544 |
| -- | Main Library Open Access Collection |
| 995 ## - | |
| -- | ANNEX COLLECTION (Main Library) |
| -- | 0.00 |
| -- | 717414 |
| -- | CBU-MAIN LIBRARY (Kitwe) |
| -- | 1 |
| -- | 4.75 |
| -- | TJ 1160 Bla |
| -- | AVAILABLE |
| -- | 015545 |
| -- | Annex Low-Usage Collection |
| 999 ## - | |
| -- | 82277 |
| -- | 82277 |
| Withdrawn status | Lost status | Source of classification or shelving scheme | Damaged status | Not for loan | Permanent Location | Current Location | Shelving location | Date acquired | Total Checkouts | Full call number | Barcode | Date last seen | Copy number | Price effective from | Koha item type |
|---|---|---|---|---|---|---|---|---|---|---|---|---|---|---|---|
| CBU-MAIN LIBRARY, KITWE. | CBU-MAIN LIBRARY, KITWE. | 09/27/2023 | TJ 1160 Bla | 015544 | 09/27/2023 | 1 | 09/27/2023 | MONOGRAPH | |||||||
| CBU-MAIN LIBRARY, KITWE. | CBU-MAIN LIBRARY, KITWE. | 09/27/2023 | TJ 1160 Bla | 015545 | 09/27/2023 | 2 | 09/27/2023 | MONOGRAPH |